Statistics for 118th United States Congress: Senate (Picture Quiz)

Click here to take the quiz!

General Stats

  • This quiz has been taken 372 times
    (155 since last reset)
  • The average score is 63 of 100

Answer Stats

Answer% Correct
Bernie Sanders
89%
Cory Booker
89%
Elizabeth Warren
89%
Marco Rubio
89%
Mitch McConnell
89%
Raphael Warnock
89%
Ted Cruz
89%
Chuck Schumer
86%
John Fetterman
86%
Lindsey Graham
86%
Mitt Romney
86%
Tim Scott
86%
Joe Manchin
84%
Kyrsten Sinema
84%
Mazie Hirono
84%
Amy Klobuchar
81%
Bob Menendez
81%
Jon Ossoff
81%
Rand Paul
81%
Mark Kelly
78%
Josh Hawley
76%
Marsha Blackburn
76%
Susan Collins
76%
Tammy Duckworth
76%
Tim Kaine
76%
Brian Schatz
73%
Chuck Grassley
73%
Ed Markey
73%
Jon Tester
73%
Lisa Murkowski
73%
Patty Murray
73%
Sherrod Brown
73%
Tammy Baldwin
73%
Tommy Tuberville
73%
Alex Padilla
70%
Chris Coons
70%
John Kennedy
70%
Kirsten Gillibrand
70%
Michael Bennet
70%
Rick Scott
70%
Angus King
68%
Debbie Stabenow
68%
Dick Durbin
68%
Jacky Rosen
68%
Katie Britt
68%
Laphonza Butler
68%
Tom Cotton
68%
John Barrasso
65%
Joni Ernst
65%
Markwayne Mullin
65%
Richard Blumenthal
65%
Ben Cardin
62%
Sheldon Whitehouse
62%
Bill Cassidy
59%
J.D. Vance
59%
Maggie Hassan
59%
Mike Braun
59%
Tina Smith
59%
Cindy Hyde-Smith
57%
Cynthia Lummis
57%
James Lankford
57%
John Cornyn
57%
Mark Warner
57%
Ron Johnson
57%
Ron Wyden
57%
Steve Daines
57%
Ben Ray Luján
54%
Catherine Cortez Masto
54%
Mike Lee
54%
Chris Murphy
51%
Gary Peters
51%
Peter Welch
51%
Todd Young
51%
Bob Casey Jr.
49%
Chris Van Hollen
49%
John Boozman
49%
John Hickenlooper
49%
Maria Cantwell
49%
Martin Heinrich
49%
Shelley Moore Capito
49%
Tom Carper
49%
Dan Sullivan
46%
Jeff Merkley
46%
Thom Tillis
46%
Jeanne Shaheen
43%
Jerry Moran
43%
John Hoeven
43%
John Thune
43%
Kevin Cramer
43%
Mike Rounds
43%
Roger Marshall
43%
Ted Budd
43%
Jack Reed
41%
Mike Crapo
41%
Pete Ricketts
41%
Roger Wicker
41%
Deb Fischer
38%
Jim Risch
38%
Bill Hagerty
30%
Eric Schmitt
30%

Score Distribution

Percentile by Number Answered

Percent of People with Each Score

Your Score History

You have not taken this quiz since the last reset